000 00725nam a22002057a 4500
999 _c175722
_d175722
005 20200923110325.0
010 _aENG-128451
020 _c150.00
_a9789386327949
035 _aEN-111983
037 _bDBAD/PUB
082 _a954.84
100 _aSubrahmanyam, Vayuvegula
245 _aTelangana times of turbulence, triumph/
_cby Vayuvegula Subrahmanyam; edited by Dr. D. Chandrasekhara Reddy
260 _aVijaywada
_bEMESCO BOOKS
_c2017
270 _a33-22-2, Chandram Buildings, C.R.Road, Chuttungunta
_bVijaywada
_e520004
_k0866-2436643
_memescovja@gmail.com
300 _a287p.
_c21cm(pbk)
500 _aIncludes Appendix
700 _aReddy, D. Chandrasekhar
942 _2ddc
_cEN
_h954.84
_mSUB